| 000 | 00906cam a22002055a 4500 | ||
|---|---|---|---|
| 001 | L159492 | ||
| 008 | 170801s2016 xxk f 000 0 eng d | ||
| 020 | _a9780241238981 | ||
| 035 | _a(Sirsi) u159492 | ||
| 041 | 0 | _aeng | |
| 050 | 0 | 4 | _a526.09 $2 18 |
| 245 | 0 | 0 |
_aGreat city maps _b a historical journey through maps, plans, and paintings. |
| 260 |
_aLondon _bDK _c2016 |
||
| 300 |
_a256p. _bill _bphotographs _c31cm. |
||
| 520 | _aExplores the world's most celebrated historical city maps. Richly detailed ancient and modern maps of important cities take you on a journey across the globe. Follow the history of maps and their stories, with profiles of iconic cartographers and artists showing you who created each map, how, and why. | ||
| 651 | 4 | _aInternational | |
| 690 | _aENVIRONMENTAL AND LAND CONSULTANCY-GEOMATICS-MAPPING AND POSITIONING-CARTOGRAPHY | ||
| 700 | 1 | _aAtkinson, Sam | |
| 942 | _n0 | ||
| 999 |
_c115951 _d115951 |
||